Jovens náufragos e suas batalhas (Record no. 16822)

MARC details
000 -LÍDER
campo de controle de tamanho fixo 00378 a2200157 4500
001 - NÚMERO DE CONTROLE
campo de controle 16822
020 ## - ISBN - INTERNATIONAL STANDARD BOOK NUMBER
ISBN - International Standard Book Number 9788526016033
040 ## - FONTE DA CATALOGAÇÃO
Instituição que transcreveu o registro Anchieta - Bela Vista
100 ## - ENTRADA PRINCIPAL--NOME PESSOAL
Nome pessoal Braz, Júlio Emílio
240 10 - TÍTULO UNIFORME
Título uniforme Jovens náufragos e suas batalhas
Idioma da obra por
245 10 - TÍTULO
Título Jovens náufragos e suas batalhas
300 ## - DESCRIÇÃO FÍSICA
Extensão 111
362 0# - DATAS DE PUBLICAÇÃO E/OU DESIGNAÇÃO SEQUENCIAL
Datas de publicação e/ou designação sequencial 2012
650 #4 - ASSUNTO--TERMO TÓPICO
Cabeçalho tópico ou nome geográfico Literatura juvenil
942 ## - ELEMENTOS DE ENTRADA ADICIONADOS (KOHA)
Tipo de material Koha Livros
Holdings
Situação do descarte Situação das perdas Situação física Não pode ser emprestado Biblioteca de origem Biblioteca atual Data de aquisição Total de empréstimos Número de chamada completo Código de barras Data de último acesso Data do preço efetivo Tipo de material Koha
        Colégio Anchieta - Bela Vista Colégio Anchieta - Bela Vista 21/11/2023   LJ 028.5 B827j BRA JOV 2228/BEL 21/11/2023 21/11/2023 Livros
        Colégio Anchieta - Pituba Colégio Anchieta - Pituba 21/11/2023   LJ 028.5 B827j BRA JOV 15197/PIT 21/11/2023 21/11/2023 Livros
        Colégio Anchieta - Pituba Colégio Anchieta - Pituba 21/11/2023   LJ 028.5 B827j BRA JOV 15198/PIT 21/11/2023 21/11/2023 Livros
        Colégio Anchieta - Pituba Colégio Anchieta - Pituba 21/11/2023   LJ 028.5 B827j BRA JOV 15199/PIT 21/11/2023 21/11/2023 Livros
        Colégio Anchieta - Pituba Colégio Anchieta - Pituba 21/11/2023   LJ 028.5 B827j BRA JOV 15200/PIT 21/11/2023 21/11/2023 Livros
        Colégio Anchieta - Pituba Colégio Anchieta - Pituba 21/11/2023   LJ 028.5 B827j BRA JOV 15201/PIT 21/11/2023 21/11/2023 Livros
        Colégio Anchieta - Pituba Colégio Anchieta - Pituba 21/11/2023   LJ 028.5 B827j BRA JOV 15202/PIT 21/11/2023 21/11/2023 Livros
        Leonardo Da Vinci - Osasco Leonardo Da Vinci - Osasco 27/03/2024   028.5 B815j O019983 27/03/2024 27/03/2024 Livros